| 000 | 00965cab a22002055 4500 | ||
|---|---|---|---|
| 001 | E149813 | ||
| 008 | 100430e20100426xxk f 000 0 eng u | ||
| 035 | _a(Sirsi) u149813 | ||
| 041 | 0 | _aeng | |
| 110 | 2 |
_aConstructing Excellence in the Built Environment _94925 |
|
| 245 | 0 | 0 |
_aConstruction industry forecasts _bspring 2010 _h[electronic resource] |
| 260 | _c2010 | ||
| 490 | 0 |
_aConstructing Excellence in the Built Environment News _v26 April 2010 |
|
| 520 | _aPredicts that construction output will drop by 3% in 2010, but grow by 1.2% in 2011. Suggests there will be double-digit growth in private housing starts between 2010 and 2012. , | ||
| 590 | _aKA | ||
| 651 | 4 |
_aUnited Kingdom _y |
|
| 690 |
_aConstruction management _96230 |
||
| 856 | 4 | 0 |
_uhttps://www.constructingexcellence.org.uk/news/Construction%20Industry%20Forecasts%20Synopsis%20(Spring%202010).pdf _zView the item free of charge (pdf file) at www.constructingexcellence.org.uk... |
| 942 | _n0 | ||
| 999 |
_c82282 _d82282 |
||